| 000 | 01240cam a22003377a 4500 | ||
|---|---|---|---|
| 003 | CHAP | ||
| 005 | 20220329133640.0 | ||
| 008 | 971013s1989 r 00010 d | ||
| 010 | _a9017 | ||
| 011 | _a9989 | ||
| 035 | _a9226 | ||
| 040 | _cCHAP | ||
| 082 |
_a631.58 _bV35 |
||
| 100 | 0 | 0 |
_aVandermeer, John H. _9117870 |
| 245 | 1 | 4 | _aThe ecology of intercropping |
| 260 |
_aCambridge : _bCambridge University, _c1989 |
||
| 300 |
_a237 p. _b; gráfs. |
||
| 590 |
_aBATCH-UPD _b10 _c20130110 _lUCH01 _h1958 |
||
| 590 |
_aBATCH-UPD _b10 _c20130410 _lUCH01 _h1318 |
||
| 590 |
_aBATCH-UPD _b10 _c20130914 _lUCH01 _h1124 |
||
| 590 |
_aCONVERSION _b10 _c20130109 _lUCH01 _h1306 |
||
| 650 | 1 | 4 |
_aCultivos asociados. _930370 |
| 650 | 1 | 4 |
_aEcología agrícola. _935165 |
| 901 | _aBK | ||
| 942 | _cLIBRO | ||
| 949 |
_a631.58 V35 _bBC _cLIBRO _d33724000160651 _eLIBRO _fc.2 _h78074 _i9226 _si _t264.10 |
||
| 949 |
_a631.58 V35 _bBC _cLIBRO _d33724000160669 _eLIBRO _fc.3 _h78367 _i9226 _si _t264.10 |
||
| 949 |
_a631.58 V35 _bBC _cLIBRO _d33724000161949 _eLIBRO _fc.5 _h87807 _i9226 _si _t264.10 |
||
| 949 |
_a631.58 V35 _bBC _cLIBRO _d33724000161956 _eLIBRO _gI.151421 _h77967 _i9226 _si _t264.10 |
||
| 949 |
_a631.58 V35 _bBC _cLIBRO _d33724000541462 _eLIBRO _fc.4 _h83247 _i9226 _si _t264.10 |
||
| 999 |
_c9017 _d9017 |
||